| 000 | 00346nam a2200133Ia 4500 | ||
|---|---|---|---|
| 005 | 20251222152659.0 | ||
| 008 | 251222s9999||||xx |||||||||||||| ||spa|| | ||
| 082 | _a378.007/C24 | ||
| 100 | _aCampos Arenas, Agustín | ||
| 245 | 0 | _aManual para la Estructuración de la Tesis Universitaria | |
| 250 | _a2da.ed. | ||
| 264 | _bUnifé | ||
| 942 | _cLIB | ||
| 999 |
_c28772 _d28772 |
||